000 00309nam a2200109 4500
999 _c13662
_d13662
008 190401b ||||| |||| 00| 0 eng d
245 _aDengvaxia scare affects HPV vaccination on girls.
260 _aDavao City:
_bSun Star Davao;
_cc2018.
300 _apage 5.
650 0 _938028
_aMedicine.
942 _2ddc
_cPER